LEADER 01232oam 2200409zu 450 001 9910164270903321 005 20210807002220.0 010 $a0-8031-6012-7 035 $a(CKB)3170000000044737 035 $a(SSID)ssj0001489686 035 $a(PQKBManifestationID)11878129 035 $a(PQKBTitleCode)TC0001489686 035 $a(PQKBWorkID)11459019 035 $a(PQKB)10200628 035 $a(NjHacI)993170000000044737 035 $a(EXLCZ)993170000000044737 100 $a20160829d1966 uy 101 0 $aeng 135 $aur||||||||||| 181 $ctxt 182 $cc 183 $acr 200 10$aDetermination of Nonmetallic Compounds in Steel 210 31$a[Place of publication not identified]$cAmerican Society for Testing & Materials$d1966 215 $a1 online resource (96 pages) 225 1 $aASTM STP ;$v393 300 $aBibliographic Level Mode of Issuance: Monograph 311 $a0-8031-6166-2 410 0$aASTM special technical publication ;$v393. 606 $aNonmetals 615 0$aNonmetals. 676 $a546.7 801 0$bPQKB 906 $aBOOK 912 $a9910164270903321 996 $aDetermination of Nonmetallic Compounds in Steel$91968144 997 $aUNINA LEADER 01430nam1 22002891i 450 001 UON00505989 005 20231205105436.78 100 $a20210913g1977 |0itac50 ba 101 $apor 102 $aPT 105 $a|||| 1|||| 200 1 $aSalazar$fFranco Nogueira 210 $aCoimbra$cAtla?ntida$d1977- 215 $av.$d22 cm 463 1$1001UON00505990$12001 $aˆA ‰mocidade e os princípios, 1889-1928$eestudo biográfico$fFranco Nogueira$1210 $aCoimbra$cAtlântida$d1977$1215 $aXII, 339 p., [1] c. di tav.$cill.$d22 cm$v1 463 1$1001UON00505991$12001 $aˆOs ‰tempos áureos, 1928-1936$eestudo biográfico$fFranco Nogueira$1210 $aCoimbra$cAtlântida$d1977$1215 $aVII, 380 p., [1] c. di tav.$cill.$d22 cm$v2 463 1$1001UON00505992$12001 $aˆAs ‰grande crises, 1936-1945$fFranco Nogueira$1210 $aCoimbra$cAtlântida$d1978$1215 $a590 p., 1 c. di tav.$cill.$d22 cm$v3 463 1$1001UON00505993$12001 $aˆO ‰ataque, 1945-1958$fFranco Nogueira$1210 $aCoimbra$cAtlântida$d1980$1215 $a534 p., [1] c. di tav.$cill.$d22 cm$v4 606 $aSALAZAR ANTÓNIO DE OLIVEIRA$3UONC085644$2FI 620 $aPT$dCoimbra$3UONL002407 676 $a320.5092$cTEORIE E IDEOLOGIE POLITICHE. Persone$v21 700 1$aNOGUEIRA$bFRANCO$3UONV285584$0835547 712 $aAtlântida$3UONV267287$4650 801 $aIT$bSOL$c20240220$gRICA 912 $aUON00505989 996 $aSalazar$91867596 997 $aUNIOR